000 00489nam a22001337a 4500
008 140131b xxu||||| |||| 00| 0 eng d
050 _aBX350.A5C5
100 _aChrysostom, John
_97551
245 _aThe Divine Liturgy of our Father among the Saints
_bLiturgia Inoera yaBaba vedu pakati peMasande
_cJohn Chrysostom
260 _aGreat Britain
_bOxford University Press
_c1998
300 _axx, 191p. ;
_c21cm.
650 _aGreek orethodox
_xChurch-History
_97552
942 _2lcc
_cMONOGRAPH
_01
999 _c119835
_d119835